|
|
|
|
| LEADER |
00000nam1a2200000 4500 |
| 001 |
380117 |
| 005 |
20231101062640.0 |
| 011 |
|
|
|a 0021-3470
|
| 035 |
|
|
|a (RuTPU)RU\TPU\prd\784
|
| 035 |
|
|
|a PERI00000785
|
| 090 |
|
|
|a 380117
|
| 100 |
|
|
|a 20011210a19589999k y0rusy50 ca
|
| 101 |
0 |
|
|a rus
|
| 102 |
|
|
|a UA
|
| 200 |
1 |
|
|a Известия вузов. Радиоэлектроника
|e научно-технический журнал
|f Национальный технический университет Украины
|
| 210 |
|
|
|a Киев
|c Киевский политехнический институт
|d 1967- 2006
|
| 305 |
|
|
|a Издается с 1958 г.
|
| 326 |
|
|
|a 12 номеров в год
|
| 430 |
|
1 |
|0 (RuTPU)RU\TPU\prd\184
|x 0021-3470
|t Известия вузов. Радиотехника
|f Министерство высшего образования СССР
|c Киев
|n Киевский политехнический институт
|d 1958-1966
|
| 469 |
|
|
|0 (RuTPU)RU\TPU\subscr\245
|
| 610 |
1 |
|
|a радио
|
| 610 |
1 |
|
|a радиотехника
|
| 610 |
1 |
|
|a радиоэлектроника
|
| 610 |
1 |
|
|a вакуумные приборы
|
| 610 |
1 |
|
|a радиолокация
|
| 610 |
1 |
|
|a радионавигация
|
| 675 |
|
|
|a 621.37
|v 3
|
| 712 |
0 |
2 |
|a Национальный технический университет Украины
|2 stltpush
|3 (RuTPU)RU\TPU\col\310
|
| 801 |
|
0 |
|a RU
|b 63413507
|c 20011210
|g PSBO
|
| 801 |
|
2 |
|a RU
|b 63413507
|c 20211223
|g PSBO
|
| 856 |
4 |
0 |
|u http://radio.kpi.ua/
|
| 856 |
4 |
0 |
|u https://www.elibrary.ru/title_about.asp?id=26826
|
| 942 |
|
|
|c CR
|
| 969 |
|
|
|0 001RU\TPU\subscr\245
|